000 01043cam a2200337 i 4500
001 2388
003 BPK
005 20200902121544.0
008 981118s1985 pl a f |000 0 pol
015 _aPB 1985/7618
020 _a8320605431
040 _aWA N
_cKOSZ 005/HR
_dKOSZ 005/HR
041 0 _apol
046 _k1985
080 _a625.7/.8
080 _a620.1
100 1 _aRolla, Stefan
_d(1917-2009)
_eAutor
245 1 0 _aBadania materiałów i nawierzchni drogowych /
_cStefan Rolla.
250 _aWyd. 3.
260 _aWarszawa :
_bWydawnictwa Komunikacji i Łączności,
_c1985.
300 _a439, [1] s. :
_bfot. ;
_c24 cm.
380 _aKsiążki
388 _a1901-2000
504 _aBibliogr. s. 437-[440].
658 _aArchitektura i budownictwo
650 4 _aDrogi
650 4 _aMateriały budowlane
710 2 _aWydawnictwa Komunikacji i Łączności.
_4pbl.
856 _uhttp://koha.tu.koszalin.pl/cgi-bin/koha/opac-detail.pl?biblionumber=2388
_yKatalog online BPK
942 _2UKD
_cKS
999 _c2388
_d2388